1750 1687 1010 1687 1018 1916 1645 1250 1478 1782 1935 1437 1281 1401 1016 1998 1549 1446 1837 1381 1290 1151 1920 1631 1725 1574 1868 1627 1723 1423 1062 1506 1104 1172 1085 1797 1851 1310 1349 1168 1355 1733 1753 1371 1388 1215 1214 1062 1674 1258 1789 1134 1002 1410 1387 1425 1320 1964 1517 1549 1128 1355 1486 1661 1653 1919 1975 1080 1499 1328 1068 1627 1910 1462 1926 1331 1775 1397 1105 1420 1977 1199 1393 1928 1771 1778 1007 1228 1996 1343 1702 1975 1361 1738 1429 1224 1497 1355 1704 BCNSPRNW ULIB Ver.6.0+V

เปลี่ยนเป็นภาษาไทย

Change to English
 แสดงรายละเอียดบรรณานุกรม
  กลับหน้าหลัก

Brief Record : Get Marc (ISO 2709) : E-mail record : QR code < ปิดหน้าต่าง
LEADER : 00000nam 2200000uu 4500
001    13399123329
003     ULIB
008    140822s2554||||th 000 0 tha d
050  0 ฺBQ4570^bว162ป ล.1
100 0  วนวาสี สยาดอ อู เญยฺยธมฺมสามี (ชเวจองโก้นสยาดอ)
245 00 ปฏิภาณ ญาณ ทสฺสน กถา เล่ม 1/^cโดย วนวาสี สยาดอ อู เญยฺยธมฺมสามี (ชเวจองโก้นสยาดอ) แปลโดย แม่ชีดอ วิลาสี
260    กรุงเทพฯ:^b,สหธรรมมิก^c2554
300    108 หน้า :^bภาพประกอบ
650  0 หลักธรรมคำสอน ^xพูทธศาสนา
700 0  แม่ชี กุสลเถรี(เกษิณี เฉลิมติระกูล)
945    ^p0^l0^i034631
999    ^aเกษร โพธิ์สุวรรณ
รายการนี้ยังไม่มีแท็ก
คุณยังไม่ได้ล็อกอิน คุณสามารถมีกิจกรรมร่วมกับเว็บไซต์ได้ แต่ต้องล็อกอินก่อน ::
  ล็อกอิน

รายการสื่อสารสนเทศ

ลำดับที่ ประเภท เลขเรียก/บาร์โค้ด สถานที่ สถานะ
1. การศึกษาทั่วไป
การศึกษาทั่วไป
ฺBQ4570 ว162ป ล.1 ฉ.1 
  Barcode: 034631
ห้องสมุดวิทยาเขตสวรรค์ประชารักษ์
►หนังสือทั่วไป
บนชั้น

BibComment


ยังไม่เคยถูกคอมเมนท์

คอมเมนท์ทรัพยากรรายการนี้
  คอมเมนท์: ปฏิภาณ ญาณ ทสฺสน ..


 Copyright 2026. Bcnsprnw @Library